Lakes and Rivers of Switzerland on a Map - Statistics

General Stats
  • This quiz has been taken 178 times
  • The average score is 20 of 54
Answers on the Map
Answers color-coded by a green-red scale on the quiz's map according to % correct below.
 
Answer Stats
Answer % Correct
Rhine
90%
Lake Geneva
88%
Lake Constance
80%
Rhône
80%
Lake Neuchâtel
78%
Lake Zurich
76%
Lake Lucerne
66%
Aare
65%
Lake Zug
65%
Lake Biel
60%
Lake Thun
60%
Lake Maggiore
59%
Inn
58%
Lake Lugano
58%
Limmat
57%
Reuss
50%
Lake Brienz
49%
Lake Walen
46%
Thur
45%
Ticino
45%
Lake Murten
44%
Linth
36%
Saane / Sarine
35%
Lake Sempach
34%
Lake Hallwil
33%
Doubs
32%
Emme
31%
Lake Greifen
31%
Hinterrhein
30%
Lake of Gruyère
30%
Maggia
30%
Vorderrhein
30%
Lake Ägeri
25%
Birs
24%
Lake Sarnen
23%
Töss
23%
Lake Baldegg
22%
Simme
20%
Kander
19%
Kleine Emme
19%
Landquart
19%
Albula
18%
Lake Joux
17%
Lake Sihl
14%
Landwasser
14%
Matter Vispa
14%
Sanser Vispa
14%
Suhre
14%
Zihl / Thièle
14%
Dranse de Bagnes
12%
Dranse de Ferret
12%
Sitter
12%
Poschiavino
8%
Borgne
4%
No matching quizzes found
Score Distribution
Percent of People with Each Score
Percentile by Number Answered
Your Score History
You have not taken this quiz